00888nam a2200217 a 450000100100000000500170001000800410002704000250006808200190009310000830011224500360019526000770023130000360030849000320034465000450037665000670042183000390048804900090052795201170053699900170065300003083920200930062537.0100319s2000 dr a 000 0 spa d aDO-SdBNPbspacBNPHU a371.271bC921p1 aRepública DominicanabSecretaría de Estado de Educación y Cultura95738210aPruebas nacionales 1996 - 2000. aSanto Domingo :bSecretaría de Estado de Educación y Cultura,c2000. a65 p. :bil., gráf. ;c21 cm.1 aGestión Educativavno. 33 4aEducaciónzRepública Dominicana9737 4aMediciones y pruebas educativaszRepública Dominicana937822 0aGestión Educativanno. 33957383 aBNPD 0010718PDaPDbPDcCTd2011-05-31iLF1l0o371.271 C921pp30839-10r2020-06-25w2020-06-25yLFPDZNo se presta c30331d30331